| 000 -LEADER |
| fixed length control field |
01681cam a2200457 a 4500 |
| 020 ## - INTERNATIONAL STANDARD BOOK NUMBER |
| ISBN |
0618346244 (set : slip case) |
| 020 ## - INTERNATIONAL STANDARD BOOK NUMBER |
| ISBN |
9780618346240 (set : slip case) |
| 020 ## - INTERNATIONAL STANDARD BOOK NUMBER |
| ISBN |
0618260269 (v. 1) |
| 020 ## - INTERNATIONAL STANDARD BOOK NUMBER |
| ISBN |
9780618260263 (v. 1) |
| 020 ## - INTERNATIONAL STANDARD BOOK NUMBER |
| ISBN |
0618346252 (v. 1, p. 4 of cover) |
| 020 ## - INTERNATIONAL STANDARD BOOK NUMBER |
| ISBN |
9780618346257 (v. 1, p. 4 of cover) |
| 020 ## - INTERNATIONAL STANDARD BOOK NUMBER |
| ISBN |
0618260277 (v. 2) |
| 020 ## - INTERNATIONAL STANDARD BOOK NUMBER |
| ISBN |
9780618260270 (v. 2) |
| 020 ## - INTERNATIONAL STANDARD BOOK NUMBER |
| ISBN |
0618346260 (v. 2, p. 4 of cover) |
| 020 ## - INTERNATIONAL STANDARD BOOK NUMBER |
| ISBN |
9780618346264 (v. 2, p. 4 of cover) |
| 020 ## - INTERNATIONAL STANDARD BOOK NUMBER |
| ISBN |
0618260285 (v. 3) |
| 020 ## - INTERNATIONAL STANDARD BOOK NUMBER |
| ISBN |
9780618260287 (v. 3) |
| 020 ## - INTERNATIONAL STANDARD BOOK NUMBER |
| ISBN |
0618346279 (v. 3, p. 4 of cover) |
| 020 ## - INTERNATIONAL STANDARD BOOK NUMBER |
| ISBN |
9780618346271 (v. 3, p. 4 of cover) |
| 020 ## - INTERNATIONAL STANDARD BOOK NUMBER |
| ISBN |
0618343997 (pbk.) |
| 020 ## - INTERNATIONAL STANDARD BOOK NUMBER |
| ISBN |
9780618343997 (pbk.) |
| 020 ## - INTERNATIONAL STANDARD BOOK NUMBER |
| ISBN |
0618345841 |
| 020 ## - INTERNATIONAL STANDARD BOOK NUMBER |
| ISBN |
9780618345847 |
| 040 ## - CATALOGING SOURCE |
| Transcribing agency |
DLC |
| 082 00 - DEWEY DECIMAL CLASSIFICATION NUMBER |
| Classification number |
823 HOU 2003 A093 Or. |
| 100 1# - MAIN ENTRY--AUTHOR NAME |
| Personal name |
Tolkien, J. R. R. |
| 245 14 - TITLE STATEMENT |
| Title |
The lord of the rings / |
| 250 ## - EDITION STATEMENT |
| Edition statement |
Three-vol. ed. |
| 260 ## - PUBLICATION, DISTRIBUTION, ETC. (IMPRINT) |
| Place of publication |
Boston : |
| Name of publisher |
Houghton Mifflin, |
| Year of publication |
[2003] |
| 300 ## - PHYSICAL DESCRIPTION |
| Number of Pages |
1 slipcase (3 v. (xvi, 1137 p.)) : |
| Other physical details |
maps ; |
| Dimensions |
21 cm. |
| 500 ## - GENERAL NOTE |
| General note |
Issued in slipcase. |
| 500 ## - GENERAL NOTE |
| General note |
Cataloged from slipcase; each vol. has unique t.p. |
| 500 ## - GENERAL NOTE |
| General note |
Originally published: 1994. |
| 500 ## - GENERAL NOTE |
| General note |
Includes index. |
| 520 ## - SUMMARY, ETC. |
| Summary, etc |
An epic depicting the Great War of the Ring, a struggle between good and evil in Middle-Earth, in which the tiny Hobbits play a key role. |
| 650 #0 - SUBJECT ADDED ENTRY--TOPICAL TERM |
| Topical Term |
Middle Earth (Imaginary place) |
| 650 #0 - SUBJECT ADDED ENTRY--TOPICAL TERM |
| Topical Term |
Fantasy fiction, English. |
| 856 42 - ELECTRONIC LOCATION AND ACCESS |
| Uniform Resource Identifier |
http://catdir.loc.gov/catdir/enhancements/fy0736/2004541379-b.html |
| 856 42 - ELECTRONIC LOCATION AND ACCESS |
| Uniform Resource Identifier |
http://catdir.loc.gov/catdir/enhancements/fy0621/2004541379-d.html |
| 942 ## - ADDED ENTRY ELEMENTS (KOHA) |
| Koha item type |
សៀវភៅភាសាអង់គ្លេស |
| 952 ## - LOCATION AND ITEM INFORMATION (KOHA) |
| Withdrawn status [LOCAL, KOHA] |
0 |